000 00644nam a2200241Ia 4500
003 OSt
005 20221007110143.0
006 a|||||r|||| 00| 0
007 ta
008 221006b |||||||| |||| 00| 0 eng d
024 _a20,491
037 _cTextual
040 _aLCO
_cLCO
_beng
041 _2eng
_aeng
082 _aZ1,6, L6
100 _aFreund O. Kahn
_9707154
245 0 _aGeneral Problems of Private International Law
260 _aleyden
_bA W Sijthoff Netherland
_c1976
300 _a336
650 _aPRIVATE INTERNATIONAL LAW
942 _hZ1,6, L6
_cTEXL
999 _c1190054
_d1190054